000 00883cam a22002653a 4500
001 12318
003 PGUSA
005 20140828083247.0
008 040501s2004||||xxu|||||s|||||000 | eng d
040 _aPGUSA
_beng
042 _adc
050 4 _aJ
245 1 2 _aA Compilation of the Messages and Papers of the Presidents :
_bVolume 8, part 1: James A. Garfield
_h[electronic resource]
260 _bProject Gutenberg,
_c2004
506 _aPublic domain in the USA.
516 _aElectronic text
653 _aGarfield, James A. (James Abram), 1831-1881
653 _aPresidents -- United States
653 _aUnited States -- Politics and government
653 _aUnited States -- History -- Sources
700 1 _aRichardson, James D.
_q(James Daniel),
_d1843-1914
830 0 _aProject Gutenberg
_v12318
856 4 0 _uhttp://www.gutenberg.org/ebooks/12318
942 _cEB
999 _c241573
_d241573